[Event "ODEM U25A 2013"]
[Site "Oberhof GER"]
[Date "2013.05.22"]
[Round "6"]
[White "Gölz, Daniel"]
[Black "Poetsch, Hagen"]
[Result "1-0"]
[Termination "normal"]
[Board "1"]
[BlackTitle "IM"]
[WhiteElo "2137"]
[BlackElo "2431"]
[PlyCount "71"]
[WhiteFideId "24626325"]
[BlackFideId "24615137"]
[EventCountry "GER"]
[EventRounds "9"]
[EventType "swiss"]
[EventDate "2013.05.18"]

1. e4 c6 2. Nc3 d5 3. Nf3 Nf6 4. exd5 cxd5 5. d4 Bg4 6. h3 Bxf3 7. Qxf3 Nc6 8.
Bb5 e6 9. O-O Be7 10. Ne2 Qb6 11. Ba4 Qa6 12. Bb3 Na5 13. Bg5 h6 14. Bxf6 Bxf6
15. c3 Qb5 16. Nc1 Nxb3 17. axb3 O-O 18. b4 Bd8 19. Re1 Bc7 20. Qe2 Qb6 21. Nd3
Qd6 22. g3 a6 23. Nc5 Qc6 24. Ra3 Rae8 25. Rb3 e5 26. b5 axb5 27. Qxb5 exd4 28.
Rxe8 Rxe8 29. cxd4 Re1+ 30. Kg2 Qg6 31. Qxb7 Qb1 32. Qxd5 Rg1+ 33. Kh2 Qf1 34.
Qa8+ Kh7 35. Qf3 Bf4 36. Qd3+ 1-0

[Event "ODEM U25A 2013"]
[Site "Oberhof GER"]
[Date "2013.05.22"]
[Round "6"]
[White "Galkin, Wladislaw"]
[Black "Wenninger, Philipp"]
[Result "1/2-1/2"]
[Termination "normal"]
[Board "3"]
[WhiteElo "2066"]
[BlackElo "2220"]
[PlyCount "175"]
[WhiteFideId "4603192"]
[BlackFideId "4648404"]
[EventCountry "GER"]
[EventRounds "9"]
[EventType "swiss"]
[EventDate "2013.05.18"]

1. d4 Nf6 2. c4 c6 3. Nc3 d5 4. e3 a6 5. Qc2 dxc4 6. Bxc4 e6 7. Nf3 b5 8. Bd3
Bb7 9. O-O Nbd7 10. Ne4 Rc8 11. Nc5 Nxc5 12. dxc5 Bxc5 13. Bxh7 Bd6 14. Be4 Qc7
15. h3 Nxe4 16. Qxe4 c5 17. Qg4 Qc6 18. Re1 Qe4 19. Qxg7 Ke7 20. Qg5+ Kd7 21.
Nd2 Qh7 22. e4 Rcg8 23. Qe3 Qxh3 24. Qxh3 Rxh3 25. g3 f5 26. Kg2 Rh4 27. Kf1
Rh1+ 28. Ke2 Rxe1+ 29. Kxe1 fxe4 30. Nf1 Be5 31. Rb1 Bd5 32. Be3 c4 33. Bd2 Bd4
34. Ne3 Rh8 35. Ke2 Rf8 36. Bc3 Bc5 37. Rd1 Kc6 38. a3 Rf3 39. Bd4 Bd6 40. Bc3
Bc5 41. Bd4 Bxd4 42. Rxd4 Kc5 43. Rd1 a5 44. g4 Rf7 45. Rh1 b4 46. axb4+ axb4
47. Rc1 Ra7 48. Ke1 c3 49. bxc3 b3 50. Rb1 Bc4 51. Rb2 Rh7 52. Kd2 Rh2 53. Kc1
Rh1+ 54. Nd1 Rg1 55. Rd2 Rxg4 56. Kb2 Rg8 57. Ne3 e5 58. Nxc4 Kxc4 59. Re2 Rg4
60. Re1 Rh4 61. Re3 Rf4 62. Re2 e3 63. Rxe3 Rxf2+ 64. Kb1 Kd5 65. c4+ Kd4 66.
Rxb3 e4 67. Kc1 Ra2 68. Kd1 Kxc4 69. Rh3 Kd4 70. Ke1 Ra1+ 71. Ke2 Ra2+ 72. Ke1
Ke5 73. Rb3 Kf4 74. Rc3 Ra1+ 75. Ke2 Rh1 76. Ra3 Rh2+ 77. Ke1 Rg2 78. Rb3 Rg3
79. Rxg3 Kxg3 80. Ke2 Kf4 81. Kf2 e3+ 82. Ke2 Ke4 83. Ke1 Kd4 84. Ke2 Ke4 85.
Ke1 Kf3 86. Kf1 e2+ 87. Ke1 Kg2 88. Kxe2 1/2-1/2

[Event "ODEM U25A 2013"]
[Site "Oberhof GER"]
[Date "2013.05.22"]
[Round "6"]
[White "Stabernack, Joschi"]
[Black "Cremer, Jan Paul"]
[Result "1/2-1/2"]
[Termination "normal"]
[Board "4"]
[WhiteElo "2022"]
[BlackElo "2195"]
[PlyCount "86"]
[WhiteFideId "12937258"]
[BlackFideId "24686115"]
[EventCountry "GER"]
[EventRounds "9"]
[EventType "swiss"]
[EventDate "2013.05.18"]

1. e4 c5 2. Nf3 d6 3. d4 cxd4 4. Nxd4 Nf6 5. Nc3 a6 6. g3 e5 7. Nde2 Be6 8. Bg2
Be7 9. h3 O-O 10. g4 h6 11. Be3 Nbd7 12. Qd2 b5 13. O-O Nb6 14. b3 Rc8 15. f4
b4 16. Nd5 Bxd5 17. exd5 Qc7 18. Rac1 exf4 19. Bxf4 Nbxd5 20. Bxd5 Qc5+ 21. Be3
Qxd5 22. Qxb4 Qe6 23. Qd2 Ne4 24. Qd3 Bg5 25. Bxg5 Nxg5 26. Nf4 Qe5 27. c4 Rce8
28. Rce1 Qxe1 29. Rxe1 Rxe1+ 30. Kf2 Re4 31. Nd5 Re5 32. Nf4 f5 33. Ng6 Nxh3+
34. Kg3 f4+ 35. Kh4 Ng5 36. Nxf8 Re3 37. Qd5+ Kxf8 38. Qxd6+ Kg8 39. Kh5 Kh7
40. Qg6+ Kg8 41. Qf5 f3 42. Qc8+ Kh7 43. Qf5+ Kg8 1/2-1/2

[Event "ODEM U25A 2013"]
[Site "Oberhof GER"]
[Date "2013.05.22"]
[Round "6"]
[White "Schirrmacher, Carsten"]
[Black "Wurm, Alexander"]
[Result "1/2-1/2"]
[Termination "normal"]
[Board "5"]
[WhiteElo "2095"]
[BlackElo "2081"]
[PlyCount "85"]
[WhiteFideId "24610445"]
[BlackFideId "24637246"]
[EventCountry "GER"]
[EventRounds "9"]
[EventType "swiss"]
[EventDate "2013.05.18"]

1. e4 e6 2. d4 d5 3. e5 c5 4. c3 Nc6 5. Nf3 Bd7 6. Be2 f6 7. O-O fxe5 8. Nxe5
Nxe5 9. dxe5 Qc7 10. Re1 Ne7 11. c4 d4 12. Bh5+ g6 13. Bf3 Bg7 14. Bg5 Bc6 15.
Bg4 Nf5 16. Bf6 O-O 17. Bxg7 Kxg7 18. Nd2 Nh4 19. g3 Qf7 20. f4 Ng2 21. Ne4
Bxe4 22. Rxe4 Ne3 23. Qe2 Nxg4 24. Qxg4 Qd7 25. Rf1 Qc6 26. Re2 Rf5 27. h4 h5
28. Qf3 Rc8 29. Qxc6 Rxc6 30. Rf3 Ra6 31. b4 b6 32. bxc5 bxc5 33. Rb3 Rf7 34.
Kf2 Rc7 35. Reb2 Kf7 36. Ke2 Ke7 37. Kd3 Kd7 38. Rg2 Kc6 39. Rgb2 Rb6 40. Rxb6+
axb6 41. a4 Ra7 42. Ra2 Kb7 43. Ra1 1/2-1/2

[Event "ODEM U25A 2013"]
[Site "Oberhof GER"]
[Date "2013.05.22"]
[Round "6"]
[White "Jahncke, Giso"]
[Black "Askri, Samir"]
[Result "1-0"]
[Termination "normal"]
[Board "6"]
[WhiteTitle "CM"]
[WhiteElo "2214"]
[BlackElo "1785"]
[PlyCount "118"]
[WhiteFideId "24608289"]
[BlackFideId "12924938"]
[EventCountry "GER"]
[EventRounds "9"]
[EventType "swiss"]
[EventDate "2013.05.18"]

1. Nf3 Nf6 2. c4 g6 3. Nc3 d5 4. cxd5 Nxd5 5. Qa4+ Nc6 6. Ne5 Ndb4 7. f4 Bd7 8.
Nxd7 Qxd7 9. a3 Nd5 10. g3 Bg7 11. Bg2 Nb6 12. Qd1 e5 13. e3 exf4 14. gxf4
O-O-O 15. O-O h5 16. Qf3 Qg4 17. d4 Qxf3 18. Bxf3 Ne7 19. Rb1 Nf5 20. Kf2 Rhe8
21. Nd1 Bf6 22. b3 Re7 23. a4 Bh4+ 24. Kg1 Nd7 25. Rb2 Nf6 26. Rc2 Nd5 27. Bxd5
Rxd5 28. Rc3 Bf6 29. Rd3 Rd8 30. b4 Nd6 31. b5 Ne4 32. Ba3 Ree8 33. Kg2 Rd7 34.
Nc3 Nxc3 35. Rxc3 Be7 36. Bb2 Bb4 37. Rd3 Rde7 38. Kf3 Re4 39. Rc1 R4e7 40. d5
Rd7 41. e4 Rg8 42. Bf6 Re8 43. Rc4 Bf8 44. e5 Kb8 45. Ke4 Be7 46. Bxe7 Rexe7
47. f5 Rd8 48. f6 Ree8 49. Rdc3 Rd7 50. a5 a6 51. bxa6 bxa6 52. Rc6 Kb7 53.
R3c5 g5 54. e6 fxe6 55. dxe6 Rd1 56. Rxc7+ Kb8 57. e7 Re1+ 58. Kf5 Rf1+ 59. Kg6
Rg8+ 1-0

[Event "ODEM U25A 2013"]
[Site "Oberhof GER"]
[Date "2013.05.22"]
[Round "6"]
[White "Grewenig, Jan"]
[Black "Faldum, Manfred"]
[Result "1-0"]
[Termination "normal"]
[Board "7"]
[WhiteElo "2002"]
[BlackElo "1865"]
[PlyCount "99"]
[WhiteFideId "4657330"]
[BlackFideId "12921459"]
[EventCountry "GER"]
[EventRounds "9"]
[EventType "swiss"]
[EventDate "2013.05.18"]

1. e4 c5 2. Nf3 g6 3. d4 cxd4 4. Nxd4 Bg7 5. Nc3 Nc6 6. Be3 Nf6 7. Bc4 O-O 8.
Bb3 Ng4 9. Qxg4 Nxd4 10. Qd1 Nxb3 11. axb3 d6 12. Bd4 Be6 13. Bxg7 Kxg7 14.
Qd4+ Kg8 15. Rxa7 Rxa7 16. Qxa7 d5 17. exd5 Bxd5 18. O-O Bc6 19. b4 b5 20. Rd1
Qc8 21. h3 Qf5 22. Qc5 Qxc5 23. bxc5 b4 24. Nd5 Bxd5 25. Rxd5 Rc8 26. Kf1 f6
27. Ke2 e6 28. Rd4 Rxc5 29. Kd3 Rg5 30. g4 Rb5 31. Kc4 Re5 32. Kxb4 Re2 33. Kc3
Rxf2 34. b4 Rf3+ 35. Kb2 e5 36. Rd1 f5 37. g5 e4 38. b5 e3 39. b6 Rf4 40. c3
Re4 41. Rd8+ Kf7 42. b7 e2 43. b8=Q e1=Q 44. Rf8+ Kg7 45. Rg8+ Kf7 46. Qf8+ Ke6
47. Qf6+ Kd5 48. Rd8+ Kc5 49. Qd6+ Kb5 50. Rb8+ 1-0

[Event "ODEM U25A 2013"]
[Site "Oberhof GER"]
[Date "2013.05.22"]
[Round "6"]
[White "Nötzel, Felix"]
[Black "Kardoeus, David"]
[Result "1-0"]
[Termination "normal"]
[Board "8"]
[WhiteElo "2101"]
[BlackElo "1894"]
[PlyCount "51"]
[WhiteFideId "24637416"]
[BlackFideId "12912050"]
[EventCountry "GER"]
[EventRounds "9"]
[EventType "swiss"]
[EventDate "2013.05.18"]

1. e4 c5 2. d4 cxd4 3. c3 dxc3 4. Nxc3 Nc6 5. Nf3 e6 6. Bc4 a6 7. O-O Nge7 8.
Qe2 Ng6 9. Be3 b5 10. Bb3 Be7 11. Nd4 Na5 12. f4 Nxb3 13. axb3 Bb7 14. f5 Ne5
15. Qh5 Bf6 16. fxe6 dxe6 17. Nxe6 Qe7 18. Rxf6 gxf6 19. Nd5 Bxd5 20. exd5 Qd6
21. Rc1 Qb4 22. Ng7+ Kf8 23. Nf5 Qg4 24. Qh6+ Ke8 25. Qxf6 Ng6 26. Qc6+ 1-0

[Event "ODEM U25A 2013"]
[Site "Oberhof GER"]
[Date "2013.05.22"]
[Round "6"]
[White "Bilchinski, Anton"]
[Black "Alten, Silvio"]
[Result "1-0"]
[Termination "normal"]
[Board "9"]
[WhiteElo "1900"]
[BlackElo "1878"]
[PlyCount "51"]
[WhiteFideId "24615765"]
[BlackFideId "24660078"]
[EventCountry "GER"]
[EventRounds "9"]
[EventType "swiss"]
[EventDate "2013.05.18"]

1. d4 Nf6 2. c4 g6 3. Nc3 Bg7 4. e4 d6 5. Nf3 O-O 6. Be2 Nc6 7. O-O e5 8. d5
Ne7 9. Ne1 Ne8 10. Be3 f5 11. f3 f4 12. Bf2 a5 13. c5 g5 14. Rc1 Bd7 15. Qb3
Rb8 16. Nb5 b6 17. cxd6 cxd6 18. Na7 Kh8 19. Nc6 Bxc6 20. dxc6 Nc8 21. Nc2 Rf6
22. Na3 Nc7 23. Rfd1 Bf8 24. Nc4 Ne6 25. Nxe5 Ra8 26. Qxe6 1-0

[Event "ODEM U25A 2013"]
[Site "Oberhof GER"]
[Date "2013.05.22"]
[Round "6"]
[White "Pixa, Richard"]
[Black "Schirra, Felix"]
[Result "1-0"]
[Termination "normal"]
[Board "10"]
[WhiteElo "1920"]
[BlackElo "1711"]
[PlyCount "77"]
[WhiteFideId "4626095"]
[BlackFideId "24692662"]
[EventCountry "GER"]
[EventRounds "9"]
[EventType "swiss"]
[EventDate "2013.05.18"]

1. e4 c5 2. Nf3 d6 3. d4 cxd4 4. Qxd4 Nc6 5. Bb5 Bd7 6. Bxc6 Bxc6 7. c4 Nf6 8.
Nc3 g6 9. O-O Bg7 10. Qd3 O-O 11. Nd4 Nd7 12. Be3 a6 13. Nxc6 bxc6 14. Rac1 Qa5
15. Qd2 Rab8 16. b3 Qb4 17. Bh6 a5 18. Bxg7 Kxg7 19. Qd4+ Kg8 20. f4 Qc5 21.
Rcd1 Qxd4+ 22. Rxd4 Nc5 23. e5 dxe5 24. fxe5 Rbd8 25. Rfd1 Rxd4 26. Rxd4 Ra8
27. Kf2 Kf8 28. Ke3 Ke8 29. Ne4 Nxe4 30. Kxe4 a4 31. b4 Rb8 32. a3 h5 33. h4
Rb7 34. g3 Rb8 35. Kf4 Rb7 36. Kg5 Rd7 37. Rxd7 Kxd7 38. b5 Kc7 39. e6 1-0

[Event "ODEM U25A 2013"]
[Site "Oberhof GER"]
[Date "2013.05.22"]
[Round "6"]
[White "Reif, Gerold"]
[Black "Schreiber, Kevin"]
[Result "0-1"]
[Termination "normal"]
[Board "11"]
[WhiteElo "1623"]
[BlackElo "1886"]
[PlyCount "66"]
[WhiteFideId "12971723"]
[BlackFideId "24655830"]
[EventCountry "GER"]
[EventRounds "9"]
[EventType "swiss"]
[EventDate "2013.05.18"]

1. e4 c5 2. c4 Nc6 3. Nc3 g6 4. g3 Bg7 5. Bg2 d6 6. d3 e6 7. Nge2 Nge7 8. O-O
O-O 9. h3 Rb8 10. Kh1 a6 11. a4 Nd4 12. f4 Nec6 13. g4 f5 14. g5 Qc7 15. h4 b5
16. h5 bxc4 17. dxc4 Na5 18. Nxd4 cxd4 19. Nd5 exd5 20. hxg6 hxg6 21. exf5 Rxf5
22. Qe2 Bd7 23. Bh3 Rf7 24. Bg2 dxc4 25. f5 Rxf5 26. Bf4 Re8 27. Qg4 Bc6 28.
Rae1 Rxe1 29. Rxe1 Bxg2+ 30. Kxg2 Be5 31. Bd2 Qb7+ 32. Kg1 Nb3 33. Qg2 Qxg2+
0-1

[Event "ODEM U25A 2013"]
[Site "Oberhof GER"]
[Date "2013.05.22"]
[Round "6"]
[White "Reimers, Juri"]
[Black "Steingräber, Kai-Uwe"]
[Result "1-0"]
[Termination "normal"]
[Board "12"]
[WhiteElo "1751"]
[BlackElo "2169"]
[PlyCount "97"]
[WhiteFideId "24661511"]
[BlackFideId "1271602"]
[EventCountry "GER"]
[EventRounds "9"]
[EventType "swiss"]
[EventDate "2013.05.18"]

1. c4 c6 2. g3 d5 3. Bg2 Nf6 4. cxd5 cxd5 5. d4 e6 6. Bf4 Nc6 7. Nf3 Qb6 8. Bc1
Bb4+ 9. Nc3 Ne4 10. Bd2 O-O 11. e3 Na5 12. Ne5 Bxc3 13. Bxc3 f6 14. Nd3 Nxc3
15. bxc3 Qc7 16. Rc1 b6 17. O-O Ba6 18. Re1 Bxd3 19. Qxd3 f5 20. Qb5 Nc4 21. a4
Rac8 22. f3 Qf7 23. Re2 Rc7 24. e4 fxe4 25. fxe4 Ne3 26. Bh3 Rxc3 27. Rce1 Kh8
28. Qb2 Rfc8 29. Qd2 dxe4 30. Rf2 Nf5 31. Rxe4 Rc1+ 32. Kg2 Qb7 33. d5 exd5 34.
Rd4 Nxd4 35. Qxc1 Re8 36. Qf4 Ne6 37. Bxe6 h6 38. Bg4 d4+ 39. Bf3 Qd7 40. Be4
Qe7 41. Re2 Rf8 42. Qd2 Qe5 43. Qb4 Rc8 44. Qe1 Rf8 45. Qd2 Rd8 46. Qf4 Qh5 47.
Rf2 Qc5 48. Qf7 Qd6 49. Qf5 1-0

[Event "ODEM U25A 2013"]
[Site "Oberhof GER"]
[Date "2013.05.22"]
[Round "6"]
[White "Frischmann, Rick"]
[Black "Meiser, Michael"]
[Result "1-0"]
[Termination "normal"]
[Board "13"]
[WhiteElo "2254"]
[BlackElo "1931"]
[PlyCount "68"]
[WhiteFideId "24660752"]
[BlackFideId "24659762"]
[EventCountry "GER"]
[EventRounds "9"]
[EventType "swiss"]
[EventDate "2013.05.18"]

1. d4 Nf6 2. c4 d6 3. Nf3 e6 4. g3 Be7 5. Bg2 O-O 6. O-O Nbd7 7. Nc3 d5 8. Qb3
dxc4 9. Qxc4 Nb6 10. Qb3 c5 11. dxc5 Bxc5 12. Rd1 Qe7 13. Bg5 Bd7 14. Ne5 Bxf2+
15. Kh1 Rad8 16. Ne4 Ba4 17. Qf3 Rxd1+ 18. Rxd1 Bxd1 19. Nxf6+ gxf6 20. Bxf6
Qb4 21. Nd3 Qd4 22. Bxd4 Bxd4 23. Qxb7 Bxe2 24. Qe4 Bxd3 25. Qxd4 Bf5 26. h4 f6
27. a4 e5 28. Qf2 Bd3 29. a5 Nc8 30. Qc5 e4 31. Qd5+ Kh8 32. Bxe4 Bxe4+ 33.
Qxe4 Kg7 34. b4 Rd8 1-0

[Event "ODEM U25A 2013"]
[Site "Oberhof GER"]
[Date "2013.05.22"]
[Round "6"]
[White "Carow, Annelen"]
[Black "Lenz, Jonas"]
[Result "1/2-1/2"]
[Termination "normal"]
[Board "14"]
[WhiteElo "2025"]
[BlackElo "1972"]
[PlyCount "52"]
[WhiteFideId "24692492"]
[BlackFideId "24691160"]
[EventCountry "GER"]
[EventRounds "9"]
[EventType "swiss"]
[EventDate "2013.05.18"]

1. d4 Nf6 2. c4 c5 3. d5 e6 4. Nc3 exd5 5. cxd5 d6 6. e4 g6 7. f3 Bg7 8. Nge2
O-O 9. Ng3 b6 10. Be3 Ba6 11. Bxa6 Nxa6 12. O-O Nc7 13. Qd2 Re8 14. Rab1 Rb8
15. a3 Nd7 16. Bg5 Qc8 17. Rfc1 Qa6 18. Nd1 b5 19. Bh6 Bh8 20. Ne3 b4 21. axb4
Rxb4 22. Ne2 Nb5 23. Ng4 Qa2 24. Nc3 Qb3 25. Nxb5 Rxb5 26. Kh1 Ne5 1/2-1/2

[Event "ODEM U25A 2013"]
[Site "Oberhof GER"]
[Date "2013.05.22"]
[Round "6"]
[White "Feldheim, Jonas"]
[Black "Khrapko, Marko"]
[Result "1/2-1/2"]
[Termination "normal"]
[Board "15"]
[WhiteElo "2024"]
[BlackElo "1818"]
[PlyCount "44"]
[WhiteFideId "24697583"]
[BlackFideId "12916293"]
[EventCountry "GER"]
[EventRounds "9"]
[EventType "swiss"]
[EventDate "2013.05.18"]

1. e4 e5 2. Nf3 Nf6 3. Nxe5 Nxe4 4. Qe2 Qe7 5. Qxe4 d6 6. d4 dxe5 7. dxe5 Nc6
8. Nc3 Qxe5 9. Qxe5+ Nxe5 10. Nb5 Bd6 11. Nxd6+ cxd6 12. Be3 O-O 13. O-O-O Rd8
14. Be2 Bf5 15. Rd2 Rac8 16. Rhd1 Nc4 17. Bxc4 Rxc4 18. g4 Bxg4 19. Rxd6 Rxd6
20. Rxd6 h6 21. Bxa7 Bf5 22. Rd2 Ra4 1/2-1/2

[Event "ODEM U25A 2013"]
[Site "Oberhof GER"]
[Date "2013.05.22"]
[Round "6"]
[White "Weber, Daniel"]
[Black "Alcer, Fabian"]
[Result "1/2-1/2"]
[Termination "normal"]
[Board "16"]
[WhiteElo "1897"]
[BlackElo "1732"]
[PlyCount "86"]
[WhiteFideId "24615498"]
[BlackFideId "24693898"]
[EventCountry "GER"]
[EventRounds "9"]
[EventType "swiss"]
[EventDate "2013.05.18"]

1. e4 e5 2. Nf3 Nc6 3. Bc4 Nf6 4. d3 Bc5 5. c3 d6 6. Bb3 a6 7. h3 Ba7 8. Nbd2
O-O 9. Nf1 h6 10. g4 Nh7 11. Ng3 Ne7 12. g5 hxg5 13. Nxg5 g6 14. Qf3 Be6 15. h4
Bxb3 16. axb3 f5 17. Nxh7 Kxh7 18. h5 f4 19. hxg6+ Kxg6 20. Qh5+ Kf6 21. Qh6+
Kf7 22. Nh5 Ng8 23. Qh7+ Ke8 24. Ng7+ Kd7 25. Qh3+ Kc6 26. Ne6 Qe7 27. Nxf8
Rxf8 28. Bd2 Qf7 29. c4 Nf6 30. b4 b5 31. Rxa6+ Kb7 32. cxb5 Qb3 33. Bc3 Qc2
34. Qf3 Bxf2+ 35. Qxf2 Qc1+ 36. Ke2 Qxh1 37. Qa7+ Kc8 38. Qa8+ Kd7 39. Qxf8 f3+
40. Kd2 Qg2+ 41. Kc1 f2 42. Qf7+ Kc8 43. Qf8+ Kd7 1/2-1/2

[Event "ODEM U25A 2013"]
[Site "Oberhof GER"]
[Date "2013.05.22"]
[Round "6"]
[White "Böhm, Malte"]
[Black "Valet, Alexander"]
[Result "1-0"]
[Termination "normal"]
[Board "17"]
[WhiteElo "1992"]
[BlackElo "1910"]
[PlyCount "53"]
[WhiteFideId "1270629"]
[BlackFideId "24682560"]
[EventCountry "GER"]
[EventRounds "9"]
[EventType "swiss"]
[EventDate "2013.05.18"]

1. e4 d5 2. exd5 Qxd5 3. Nc3 Qa5 4. d4 c6 5. Nf3 Bf5 6. Bd3 Bxd3 7. Qxd3 e6 8.
O-O Nf6 9. Bf4 Nbd7 10. a3 Nh5 11. Bd2 Qc7 12. Rfe1 Be7 13. Ne5 Nhf6 14. Rad1
Nd5 15. Qg3 Nxc3 16. Qxg7 Nxd1 17. Qxh8+ Bf8 18. Rxd1 Nxe5 19. Qxe5 Qxe5 20.
dxe5 Rd8 21. Kf1 Bg7 22. f4 f6 23. exf6 Bxf6 24. h3 Rd4 25. Ke2 Re4+ 26. Be3
Ke7 27. Kf3 1-0

[Event "ODEM U25A 2013"]
[Site "Oberhof GER"]
[Date "2013.05.22"]
[Round "6"]
[White "Schwedek, Tony"]
[Black "Mehling, Katharina"]
[Result "0-1"]
[Termination "normal"]
[Board "18"]
[WhiteElo "1933"]
[BlackElo "1837"]
[PlyCount "116"]
[WhiteFideId "12908312"]
[BlackFideId "12900362"]
[EventCountry "GER"]
[EventRounds "9"]
[EventType "swiss"]
[EventDate "2013.05.18"]

1. d4 Nf6 2. c4 g6 3. Nc3 d5 4. cxd5 Nxd5 5. e4 Nxc3 6. bxc3 Bg7 7. Nf3 c5 8.
Rb1 Nc6 9. d5 Ne5 10. Nxe5 Bxe5 11. c4 Qa5+ 12. Bd2 Qxa2 13. Be2 Qa6 14. O-O
Bg7 15. Be3 Qd6 16. f4 f6 17. Qd2 O-O 18. h4 b6 19. Rb3 e6 20. Rd3 exd5 21.
Rxd5 Qe7 22. Bf3 Be6 23. Rd3 Rad8 24. Rd1 Rxd3 25. Qxd3 Re8 26. g3 Bc8 27. Qd5+
Kf8 28. e5 fxe5 29. fxe5 Qxe5 30. Bf4 Qxd5 31. Bxd5 Bd4+ 32. Kh1 Be6 33. Bh6+
Kg8 34. Bc6 Rc8 35. Bb5 Bf6 36. Rd6 Kf7 37. Bd7 Bxd7 38. Rxd7+ Be7 39. Bg5 Re8
40. Rxa7 Ke6 41. Rb7 Bxg5 42. hxg5 Kf5 43. Rxb6 Re4 44. Rb7 Rxc4 45. Rxh7 Kxg5
46. Kg2 Re4 47. Kf3 Re5 48. Rh4 Kf5 49. Rf4+ Ke6 50. Rg4 g5 51. Ra4 Kd5 52. Ra8
Kd4 53. Rd8+ Kc3 54. Kg4 c4 55. Kh5 Kc2 56. g4 c3 57. Rc8 Rb5 58. Rc6 Kb2 0-1

[Event "ODEM U25A 2013"]
[Site "Oberhof GER"]
[Date "2013.05.22"]
[Round "6"]
[White "Stein, Daniel"]
[Black "Usczeck, Lukas"]
[Result "1-0"]
[Termination "normal"]
[Board "19"]
[WhiteElo "1823"]
[BlackElo "1794"]
[PlyCount "53"]
[WhiteFideId "12939307"]
[BlackFideId "12937827"]
[EventCountry "GER"]
[EventRounds "9"]
[EventType "swiss"]
[EventDate "2013.05.18"]

1. d4 Nf6 2. Nf3 e6 3. e3 b6 4. Bd3 Bb7 5. O-O Be7 6. Nbd2 d5 7. b3 Nbd7 8. Bb2
O-O 9. Ne5 Ne4 10. f3 Nxd2 11. Qxd2 Nxe5 12. dxe5 f6 13. Qe2 fxe5 14. Bxe5 Bf6
15. Bxf6 Qxf6 16. e4 Qd4+ 17. Kh1 Qe5 18. Rae1 Rae8 19. f4 Rxf4 20. Rxf4 Qxf4
21. exd5 Bxd5 22. Bxh7+ Kxh7 23. Qh5+ Qh6 24. Qxe8 Qh3 25. Re2 Bxg2+ 26. Rxg2
Qf5 27. Qc6 1-0

[Event "ODEM U25A 2013"]
[Site "Oberhof GER"]
[Date "2013.05.22"]
[Round "6"]
[White "Reisberg, Andre"]
[Black "Hartewig, Philipp"]
[Result "1-0"]
[Termination "normal"]
[Board "20"]
[WhiteElo "1975"]
[BlackElo "1811"]
[PlyCount "85"]
[WhiteFideId "1270630"]
[BlackFideId "1270639"]
[EventCountry "GER"]
[EventRounds "9"]
[EventType "swiss"]
[EventDate "2013.05.18"]

1. d4 d5 2. c4 dxc4 3. Nc3 e6 4. e3 Nf6 5. Bxc4 c5 6. Nf3 Nc6 7. O-O cxd4 8.
exd4 Be7 9. Bf4 a6 10. Re1 O-O 11. a3 b5 12. Ba2 Bb7 13. Rc1 Rc8 14. Bb1 Na5
15. Ng5 h6 16. Nge4 Nxe4 17. Nxe4 Rxc1 18. Bxc1 Qd5 19. f3 Rd8 20. Be3 Qb3 21.
Qxb3 Nxb3 22. Nc5 Bxc5 23. dxc5 Rc8 24. Rd1 Bd5 25. Ba2 Nxc5 26. Bxd5 exd5 27.
Rc1 Re8 28. Bxc5 Re2 29. b4 Ra2 30. Rc3 g5 31. Rd3 Kg7 32. Be7 Kg6 33. Rxd5
Rxa3 34. Rd6+ Kf5 35. Rf6+ Ke5 36. Rxh6 a5 37. bxa5 Rxa5 38. Bxg5 b4 39. Rb6
Ra1+ 40. Kf2 Rb1 41. Bf6+ Kf5 42. h4 b3 43. g4+ 1-0

[Event "ODEM U25A 2013"]
[Site "Oberhof GER"]
[Date "2013.05.22"]
[Round "6"]
[White "Litzka, Richard"]
[Black "Höpfner, Tim"]
[Result "1/2-1/2"]
[Termination "normal"]
[Board "21"]
[WhiteElo "1572"]
[BlackElo "1955"]
[PlyCount "149"]
[BlackFideId "4638310"]
[EventCountry "GER"]
[EventRounds "9"]
[EventType "swiss"]
[EventDate "2013.05.18"]

1. e4 c5 2. Nf3 d6 3. d4 cxd4 4. Qxd4 Nc6 5. Bb5 Bd7 6. Bxc6 Bxc6 7. Bg5 f6 8.
Be3 e5 9. Qd3 d5 10. exd5 Qxd5 11. Qe2 Bb4+ 12. c3 Bd6 13. O-O Ne7 14. c4 Qe6
15. Nc3 O-O 16. Rfd1 Nf5 17. Rac1 b6 18. a3 Nxe3 19. Qxe3 Bc5 20. Qe2 a5 21.
Nd4 Bxd4 22. Rxd4 Rfe8 23. Rd2 Rad8 24. Rcd1 Qe7 25. h3 Rxd2 26. Qxd2 Qc5 27.
Qd3 Re7 28. Ne4 Bxe4 29. Qxe4 Rc7 30. Rd8+ Kf7 31. Qxh7 Qxc4 32. Qh5+ Ke6 33.
g4 Qc1+ 34. Kg2 Qc6+ 35. Kh2 Re7 36. Qh7 e4 37. Qg8+ Ke5 38. Rd2 Kf4 39. Qh7
Qc5 40. Qh4 Ke5 41. g5 f5 42. Kg3 Ke6 43. Qh5 Rf7 44. Qg6+ Ke7 45. Rd7+ Kxd7
46. Qxf7+ Kc6 47. Qxg7 e3 48. fxe3 Qxe3+ 49. Kh4 Qf2+ 50. Kh5 f4 51. Qf6+ Kb7
52. g6 Qf3+ 53. Kg5 Qg3+ 54. Kh6 Qxh3+ 55. Kg7 f3 56. Kg8 Qc8+ 57. Kg7 Qc7+ 58.
Kg8 Qc8+ 59. Kf7 Qc7+ 60. Ke8 Qc6+ 61. Qxc6+ Kxc6 62. g7 f2 63. g8=Q f1=Q 64.
Qe6+ Kb5 65. Qd5+ Ka6 66. Kd7 Qb5+ 67. Qxb5+ Kxb5 68. Kc7 Kc5 69. Kb7 a4 70.
Kc7 b5 71. Kb7 b4 72. axb4+ Kxb4 73. Kb6 Kb3 74. Kb5 Kxb2 75. Kxa4 1/2-1/2

[Event "ODEM U25A 2013"]
[Site "Oberhof GER"]
[Date "2013.05.22"]
[Round "6"]
[White "Celmer, Ole"]
[Black "Edel, Fenja"]
[Result "1/2-1/2"]
[Termination "normal"]
[Board "22"]
[WhiteElo "1882"]
[BlackElo "1635"]
[PlyCount "62"]
[WhiteFideId "24657107"]
[BlackFideId "24696749"]
[EventCountry "GER"]
[EventRounds "9"]
[EventType "swiss"]
[EventDate "2013.05.18"]

1. e3 d5 2. Nf3 Nf6 3. b3 Bf5 4. Bb2 e6 5. Be2 Bd6 6. O-O O-O 7. Ne5 c5 8. f4
Qc7 9. Na3 a6 10. c4 Nc6 11. d4 Rfd8 12. Nc2 Ne4 13. Bg4 Bxe5 14. fxe5 Bg6 15.
Bf3 dxc4 16. bxc4 Nxe5 17. Qe2 cxd4 18. Bxe4 Bxe4 19. exd4 Bd3 20. Qxe5 Qxe5
21. dxe5 Bxc2 22. Rac1 Be4 23. Rfd1 Rd3 24. Rxd3 Bxd3 25. Kf2 Rc8 26. c5 g6 27.
Ke3 Bb5 28. g4 Rd8 29. Bd4 g5 30. h3 Bc6 31. Rc2 Kg7 1/2-1/2

[Event "ODEM U25A 2013"]
[Site "Oberhof GER"]
[Date "2013.05.22"]
[Round "6"]
[White "Reinfelder, Fabian"]
[Black "Peters, Tom"]
[Result "1-0"]
[Termination "normal"]
[Board "23"]
[WhiteElo "1498"]
[BlackElo "1852"]
[PlyCount "103"]
[WhiteFideId "12963607"]
[BlackFideId "24694444"]
[EventCountry "GER"]
[EventRounds "9"]
[EventType "swiss"]
[EventDate "2013.05.18"]

1. Nf3 Nf6 2. b3 c5 3. e3 Nc6 4. Bb2 e6 5. c4 d6 6. Be2 b6 7. O-O Bb7 8. d4 h5
9. Nc3 Rg8 10. Ng5 Ng4 11. h4 Be7 12. Bxg4 Bxg5 13. Bxh5 Bxh4 14. d5 Ne5 15.
dxe6 g6 16. exf7+ Kxf7 17. Bg4 Qg5 18. f4 Qh6 19. fxe5+ Ke8 20. Qe2 Bg3 21. Bh3
g5 22. Qg4 Bc8 23. Qxg3 g4 24. exd6 Be6 25. d7+ Kxd7 26. Rad1+ Kc8 27. Nb5 Kb7
28. Bxg4 Rxg4 29. Rf7+ Bxf7 30. Rd7+ Ka6 31. Qf3 Rxg2+ 32. Kxg2 Qg6+ 33. Kf2
Qc2+ 34. Kg3 Rg8+ 35. Kf4 Qh2+ 36. Ke4 Re8+ 37. Kd3 Bg6+ 38. e4 Bxe4+ 39. Qxe4
Qh3+ 40. Kc2 Qxd7 41. Qxe8 Qf5+ 42. Kd2 Qg5+ 43. Qe3 Qg2+ 44. Kc1 Qf1+ 45. Kc2
Qg2+ 46. Qd2 Qe4+ 47. Kc1 Qh1+ 48. Qd1 Qh6+ 49. Kb1 Qg6+ 50. Ka1 Qe4 51. Nc7+
Ka5 52. Bc3# 1-0